=LDR 00000nam 2200000 4500 =001 INLIS000000000017793 =005 20130612113016 =008 ***********************************Ind** =035 ##$$0010-061300000017793 =041 ##$$a Ind =082 ##$$a 2x5.1 =090 ##$$a 2x5.1, Uts s =100 ##$$a Utsaimin, Syaikh Muhammad Bin Shalih =245 ##$$a Syarah adab dan manfaat menuntut ilmu, Syaikh Muhammad Bin Shalih Al Utsaimin ; penerjemah, Ahmad Sabiq LC =260 ##$$a 2005 $b Jakarta =300 ##$$a xvi, 288 hlm, 24 cm =650 ##$$a Akhlak =850 ##$$a NBPNMAT